<?xml version="1.0" encoding="UTF-8"?>
<marc:record xmlns:marc="http://www.loc.gov/MARC21/slim">
   <marc:leader>00000nam a2200000 a 4500</marc:leader>
   <marc:datafield ind1="1" ind2=" " tag="100">
      <marc:subfield code="a">Rush, Geoffrey</marc:subfield>
   </marc:datafield>
   <marc:datafield ind1="1" ind2=" " tag="100">
      <marc:subfield code="a">Carter, Helena Bonham</marc:subfield>
   </marc:datafield>
   <marc:datafield ind1="1" ind2=" " tag="100">
      <marc:subfield code="a">Firth, Colin</marc:subfield>
   </marc:datafield>
   <marc:datafield ind1="1" ind2=" " tag="100">
      <marc:subfield code="a">Hooper, Tom</marc:subfield>
   </marc:datafield>
   <marc:datafield ind1="0" ind2="0" tag="245">
      <marc:subfield code="a">The King's Speech [Bildtonträger]</marc:subfield>
   </marc:datafield>
   <marc:datafield ind1="0" ind2="0" tag="245">
      <marc:subfield code="b">Die Rede des Königs</marc:subfield>
   </marc:datafield>
   <marc:datafield ind1=" " ind2="1" tag="264">
      <marc:subfield code="b">Universum Film GmbH</marc:subfield>
      <marc:subfield code="c">2011</marc:subfield>
   </marc:datafield>
   <marc:datafield ind1="1" ind2=" " tag="520">
      <marc:subfield code="a">Colin Firth brilliert in The King's Speech als stotternder englischer König George VI., den Vater von Königin Elizabeth. Als Sohn des britischen Königs gehört es zu seinen Pflichten, öffentlich zu sprechen - doch für den schüchternen jungen Mann, der seit seiner Jugend an schwerem Stottern leidet, wird jeder dieser Auftritte zur Qual. Mit Hilfe seiner liebevollen Frau Elizabeth und dem exzentrischen Sprachtherapeuten Lionel Logue, der immer mehr zum Vertrauten und Freund wird, versucht er seine Schwäche zu überwinden. Doch eine unerwartete Enthüllung droht alle Bemühungen zu zerstören...</marc:subfield>
   </marc:datafield>
   <marc:datafield ind1=" " ind2=" " tag="300">
      <marc:subfield code="a">1 DVD</marc:subfield>
   </marc:datafield>
</marc:record>
